[Event "POL-ch Team"]
[Site "Lublin"]
[Date "2009.09.12"]
[Round "1.20"]
[White "Talla, Vladimir"]
[Black "Macieja, Bartlomiej"]
[Result "0-1"]
[WhiteElo "2453"]
[BlackElo "2618"]
[PlyCount "74"]
[EventDate "2009.??.??"]

1. e4 c5 2. Nf3 Nc6 3. d4 cxd4 4. Nxd4 Qc7 5. Nc3 e6 6. Be2 a6 7. Be3 Nf6 8. a3
Be7 9. f4 O-O 10. Qd2 d6 11. O-O-O Nxd4 12. Qxd4 e5 13. Qd2 b5 14. g4 Bb7 15.
Bf3 b4 16. axb4 Qc4 17. Qd3 Qxb4 18. g5 Nd7 19. f5 Rfb8 20. Rhg1 Nc5 21. Bxc5
dxc5 22. b3 c4 23. Qxc4 Qa3+ 24. Kb1 Rc8 25. Qd3 Bc5 26. Ne2 Bxg1 27. Rxg1 a5
28. g6 a4 29. gxf7+ Kh8 30. f6 g6 31. Rxg6 axb3 32. Rg8+ Rxg8 33. fxg8=Q+ Kxg8
34. Qxb3+ Qxb3+ 35. cxb3 Rf8 36. Nc3 Rxf6 37. Bg4 Rf1+ 0-1

[Event "POL-ch Team"]
[Site "Lublin"]
[Date "2009.09.13"]
[Round "2.3"]
[White "Dziuba, Marcin"]
[Black "Swiercz, Dariusz"]
[Result "1-0"]
[WhiteElo "2564"]
[BlackElo "2492"]
[PlyCount "113"]
[EventDate "2009.??.??"]

1. d4 d5 2. c4 c6 3. Nf3 Nf6 4. e3 a6 5. Bd3 b5 6. b3 Bg4 7. Nbd2 e6 8. Bb2
Nbd7 9. Qc2 Be7 10. O-O Rc8 11. Rfc1 Bxf3 12. Nxf3 O-O 13. Ne5 Bd6 14. h3 Rc7
15. c5 Be7 16. f4 g6 17. Bc3 Rc8 18. Nf3 a5 19. a3 Ne8 20. g4 f5 21. Kh1 Ndf6
22. Rg1 Ne4 23. Be1 Ng7 24. Ra2 Bf6 25. Qb1 Ra8 26. Rh2 Qd7 27. Bh4 Bxh4 28.
Nxh4 Qc7 29. Nf3 Nf6 30. Qe1 a4 31. b4 Rac8 32. Rhg2 Qd8 33. Ne5 Nd7 34. Nxc6
Rxc6 35. Bxb5 Rc7 36. g5 Ra7 37. Rb2 Qc7 38. Bd3 Rb8 39. Qd2 Nh5 40. Kg2 Kf7
41. b5 Qa5 42. Rb4 Rc7 43. Rc1 Rbc8 44. Qb2 e5 45. fxe5 Rb7 46. b6 Nxe5 47.
dxe5 Rxc5 48. Rb1 Ke6 49. Qd4 Rc8 50. Kf3 Qa8 51. Rb5 Rd8 52. Rc1 Rbb8 53. Rc7
Rb7 54. Rc6+ Ke7 55. e6 Qb8 56. Qc5+ Rd6 57. Rc8 1-0

[Event "POL-ch Team"]
[Site "Lublin"]
[Date "2009.09.14"]
[Round "3.14"]
[White "Antoniewski, Rafal"]
[Black "Macieja, Bartlomiej"]
[Result "1/2-1/2"]
[WhiteElo "2558"]
[BlackElo "2618"]
[PlyCount "35"]
[EventDate "2009.??.??"]

1. e4 c6 2. d4 d5 3. exd5 cxd5 4. c4 Nf6 5. Nc3 e6 6. Nf3 Bb4 7. Bd3 dxc4 8.
Bxc4 O-O 9. O-O b6 10. Bg5 Bb7 11. Rc1 Nbd7 12. Qe2 Rc8 13. Ne5 Be7 14. Nb5 a5
15. Na7 Rc7 16. Nb5 Rc8 17. Na7 Rc7 18. Nb5 1/2-1/2

[Event "POL-ch Team"]
[Site "Lublin"]
[Date "2009.09.15"]
[Round "4.3"]
[White "Dziuba, Marcin"]
[Black "Zawadzki, Stanislaw"]
[Result "1-0"]
[WhiteElo "2564"]
[BlackElo "2419"]
[PlyCount "65"]
[EventDate "2009.??.??"]

1. d4 d5 2. c4 c6 3. Nf3 Nf6 4. e3 Bf5 5. Nc3 e6 6. Nh4 Be4 7. f3 Bg6 8. Qb3
Qc7 9. Bd2 Nbd7 10. cxd5 Nxd5 11. e4 Nxc3 12. bxc3 Bh5 13. g4 Be7 14. Ng2 Bg6
15. Be2 O-O-O 16. Rb1 h5 17. g5 h4 18. O-O e5 19. Be3 h3 20. Ne1 f5 21. gxf6
gxf6 22. Nd3 Rhg8 23. Kh1 Bd6 24. Rg1 Rde8 25. dxe5 Nxe5 26. Nxe5 Bxe5 27. Bxa7
Bxh2 28. Bc4 Bh5 29. Be6+ Kd8 30. Rbd1+ Bd6 31. Rgf1 Rg2 32. e5 Rxe6 33. Qxe6
1-0

[Event "POL-ch Team"]
[Site "Lublin"]
[Date "2009.09.15"]
[Round "4.8"]
[White "Bartel, Mateusz"]
[Black "Orzech, Dominik"]
[Result "1-0"]
[WhiteElo "2609"]
[BlackElo "2435"]
[PlyCount "161"]
[EventDate "2009.??.??"]

1. e4 Nf6 2. e5 Nd5 3. d4 d6 4. Nf3 g6 5. Bc4 Nb6 6. Bb3 Bg7 7. Ng5 d5 8. O-O
Nc6 9. c3 h6 10. Nf3 Bg4 11. Nbd2 Qd7 12. h3 Bf5 13. Re1 O-O-O 14. a4 Na5 15.
Bc2 Bxc2 16. Qxc2 Qf5 17. Qd1 Qd3 18. Re3 Qf5 19. b3 g5 20. Ne1 h5 21. Ba3 e6
22. Qb1 Qxb1 23. Rxb1 g4 24. f4 Bh6 25. Nd3 Nc6 26. hxg4 hxg4 27. Rg3 Rdg8 28.
Kf2 Nd7 29. Ke2 f5 30. exf6 Nxf6 31. Re3 e5 32. dxe5 d4 33. exf6 dxe3 34. Ne4
Re8 35. Ng5 Bf8 36. f7 Bxa3 37. fxe8=Q+ Rxe8 38. f5 Ne7 39. Rf1 Nd5 40. Ne6
Nxc3+ 41. Kxe3 Nd5+ 42. Kd4 c6 43. Ndf4 Nf6 44. Rh1 a5 45. Rh6 b6 46. Kd3 Bb2
47. Nh5 Nd5 48. Rh7 Be5 49. Ke4 Bb2 50. Ra7 Ba1 51. Nhf4 Nf6+ 52. Kd3 Be5 53.
Ng6 Bd6 54. Rf7 Nd5 55. Kd4 Nb4 56. Ne5 b5 57. Nxg4 Rg8 58. Rg7 c5+ 59. Kc3
Nd5+ 60. Kc2 Rxg7 61. Nxg7 bxa4 62. bxa4 Kd7 63. Kb3 Nf4 64. Ne3 Be5 65. Ne6
Nxe6 66. fxe6+ Kxe6 67. Kc4 Bd4 68. Nf1 Ke5 69. Nd2 Kf4 70. Nb3 Be5 71. Nxa5
Kg3 72. Nb7 Bc7 73. Kxc5 Kxg2 74. Kc6 Bb8 75. a5 Kf3 76. a6 Ba7 77. Nd6 Kf4 78.
Nc8 Bd4 79. Nb6 Ke5 80. a7 Bxb6 81. Kxb6 1-0

[Event "POL-ch Team"]
[Site "Lublin"]
[Date "2009.09.15"]
[Round "4.14"]
[White "Urban, Klaudiusz"]
[Black "Antoniewski, Rafal"]
[Result "1/2-1/2"]
[WhiteElo "2477"]
[BlackElo "2558"]
[PlyCount "29"]
[EventDate "2009.??.??"]

1. d4 Nf6 2. Nf3 g6 3. g3 Bg7 4. Bg2 O-O 5. O-O d6 6. c4 Nc6 7. Nc3 Bf5 8. Ne1
Na5 9. e4 Bg4 10. f3 Be6 11. b3 c5 12. Nc2 cxd4 13. Nxd4 Bd7 14. Be3 a6 15. Rc1
1/2-1/2

[Event "POL-ch Team"]
[Site "Lublin"]
[Date "2009.09.15"]
[Round "4.20"]
[White "Macieja, Bartlomiej"]
[Black "Jedynak, Radoslaw"]
[Result "1-0"]
[WhiteElo "2618"]
[BlackElo "2494"]
[PlyCount "79"]
[EventDate "2009.??.??"]

1. d4 e6 2. c4 d5 3. Nf3 Nf6 4. Nc3 c5 5. cxd5 exd5 6. Bg5 Be7 7. e3 Be6 8.
dxc5 Bxc5 9. Bb5+ Nc6 10. Bxf6 Qxf6 11. Nxd5 Bxd5 12. Qxd5 Bb4+ 13. Kf1 O-O 14.
Qb3 Ba5 15. Bxc6 Qxc6 16. Ke2 Rac8 17. Rhd1 Qc2+ 18. Kf1 Qxb3 19. axb3 Bb6 20.
Rac1 Rfd8 21. Rxc8 Rxc8 22. Rd7 Rc1+ 23. Ke2 Rc2+ 24. Rd2 Rc1 25. Ne5 f6 26.
Nc4 Bc7 27. Rd7 Bxh2 28. g3 h5 29. Rxb7 a5 30. Kf3 h4 31. gxh4 a4 32. Kg2 axb3
33. Kxh2 Rxc4 34. Kg3 f5 35. f3 Kh7 36. Rxb3 g6 37. Rb7+ Kh6 38. Rb8 Rc1 39. b4
Rc3 40. Kf4 1-0

[Event "POL-ch Team"]
[Site "Lublin"]
[Date "2009.09.15"]
[Round "4.22"]
[White "Rozentalis, Eduardas"]
[Black "Jakubiec, Artur"]
[Result "1-0"]
[WhiteElo "2603"]
[BlackElo "2529"]
[PlyCount "91"]
[EventDate "2009.??.??"]

1. e4 d6 2. d4 Nf6 3. Nc3 c6 4. g3 e5 5. Bg2 b5 6. dxe5 dxe5 7. Qxd8+ Kxd8 8.
f4 Nbd7 9. fxe5 Ng4 10. e6 fxe6 11. h3 Nge5 12. Bf4 Nc4 13. b3 Bb4 14. Nge2
Nce5 15. O-O-O Ke7 16. Kb2 Bb7 17. Nd4 a5 18. a4 Rhc8 19. h4 bxa4 20. Nxa4 c5
21. Nxe6 Kxe6 22. Bh3+ Ke7 23. Bxe5 Nxe5 24. Bxc8 Rxc8 25. c3 c4 26. cxb4 axb4
27. bxc4 Rxc4 28. Rhe1 Bc6 29. Kb3 Rxe4 30. Rxe4 Bxe4 31. Kxb4 Bc2 32. Rd2 Bxa4
33. Kxa4 Ke6 34. Rf2 Ng4 35. Rf3 Ne5 36. Rf1 h6 37. Kb4 Nf7 38. Kc5 g5 39. h5
Ne5 40. Re1 Kf5 41. Kd6 Nf3 42. Re6 g4 43. Rxh6 Kg5 44. Rh8 Nd4 45. Rg8+ Kxh5
46. Ke5 1-0

[Event "POL-ch Team"]
[Site "Lublin"]
[Date "2009.09.16"]
[Round "5.20"]
[White "Antoniewski, Rafal"]
[Black "Bartel, Mateusz"]
[Result "1/2-1/2"]
[WhiteElo "2558"]
[BlackElo "2609"]
[PlyCount "61"]
[EventDate "2009.??.??"]

1. e4 e6 2. d4 d5 3. Nd2 Nf6 4. e5 Nfd7 5. Bd3 c5 6. c3 Nc6 7. Ne2 a5 8. O-O a4
9. f4 a3 10. bxa3 c4 11. Bc2 g6 12. a4 Qa5 13. g4 Nb6 14. Nf3 h5 15. h3 hxg4
16. hxg4 Nxa4 17. Qe1 Bd7 18. Bd2 Be7 19. Ng5 Na7 20. Kg2 Nb5 21. Rh1 Rg8 22.
Rh7 Bxg5 23. fxg5 Na3 24. Qc1 Nb6 25. Qf1 O-O-O 26. Bd1 Be8 27. Bc1 Na8 28. Qf6
Rd7 29. Rh8 Rxh8 30. Qxh8 Re7 31. Qf8 1/2-1/2